Audel complete building construction

Bibliographic Details
Main Author: Miller, Rex
Other Authors: Leger, Eugene, MIller, Mark Richard
Format: Book
Published: Indianapolis : Wiley Publishing, Inc. , 2004
Edition:5th ed
Subjects:

MARC

LEADER 00000cam a2200000 7i4500
001 0000091642
005 20120613.0
020 |a 0764571117 
090 0 0 |a 690   |b MIL 
100 1 |a Miller, Rex 
245 1 0 |a Audel complete building construction   |c Rex Miller, Mark Richard Miller and Eugene Leger 
250 |a 5th ed 
260 |a Indianapolis :   |b Wiley Publishing, Inc. ,   |c 2004 
300 |a 694p. ;   |c 21cm. 
650 0 0 |a Building 
650 0 0 |a Building   |x Amateurs' manual 
700 1 |a Leger, Eugene 
700 1 |a MIller, Mark Richard 
999 |a 00182495   |b BUKU   |c RUJUKAN   |e PERPUSTAKAAN KOMUNITI PETALING JAYA